000 00572nam a22002177a 4500
003 UA-OsUOA
001 62977
007 ta
008 20090915b un ||||| |||| 00| 0 ukr d
100 _aМазукабзова Б.
090 _a330
_bМ13
942 _cSA
040 _aUA-OsUOA
_brus
_cUA-OsUOA
_dUA-OsUOA
245 _aроль кредитно-дефолтных свопов в мировом кризисе
300 _aС.144-147
955 _a0
041 _arus
080 _a330
773 0 _w62972
650 7 _a330 Економіка взагалі
_2UDC
999 _c349067
_d349067